00529nam a2200193 a 4500001001300000003000900013005001700022008004100039020000900080082001700089100002200106245004200128260004600170300000800216500003500224505003000259650002400289700002200313nice12345678IN_TiNIC20260116015200.0050524s1997 hyda grp 000 0 eng  ac1000a291.172bRAM aRamakrishnayya, M aLayman`s Guide to Interfaith Dialogue aHyderabadbHum Sab Hindustani Trustc1997 a38p aincludes index and biblioraphy2 aReports of the Conference aInterfaith Dialogue1 aRamakrishnayya, M